00539nam a22001697a 450000500170000001000150001702000260003203500140005803700090007208200130008110000290009424500640012325000060018726000420019327001140023530000200034920240925150145.0 aENG-141774 a9789362972019c295.00 aEN-125306 bDBAD a616.0252 aChowdhury, Biswaroop Roy aProtocol of Emergency Medicine/cBy Biswaroop Roy Chowdhury a1 aNew DelhibDiamond Pocket Booksc2024 aX- 30, Okhla Industrial Area, Phase-IIbNew Delhie110020mwecare@diamondbooks.ink011-40712100k011-41611861 a237p.c22cm(pb)